000 00177 a2200097 4500
020 _a9788131957455
041 _aspa
100 _aGod, Almighty
245 _aMoises
942 _cBK
999 _c27475
_d27475